000 01408nam a2200349 i 4500
001 ebr10772238
003 CaPaEBR
006 m o d
007 cr cn|||||||||
008 130601s2013 enk ob 000 0 eng d
020 _a9781849284752 (e-book)
020 _z9781849283847
040 _aCaPaEBR
_beng
_erda
_epn
_cCaPaEBR
035 _a(OCoLC)874967523
050 1 4 _aT58.64
_b.E32 2013eb
082 0 4 _a004/.068
_223
100 1 _aEe, Chong.
245 1 0 _aTurning heads and changing minds :
_btranscending IT auditor archetypes /
_cChong EE.
264 1 _aEly, Cambridgeshire :
_bIT Governance Publishing,
_c2013.
300 _a1 online resource (138 pages)
336 _atext
_2rdacontent
337 _acomputer
_2rdamedia
338 _aonline resource
_2rdacarrier
504 _aIncludes bibliographical references.
588 _aDescription based on online resource; title from PDF title page (ebrary, viewed October 18, 2013).
590 _aElectronic reproduction. Palo Alto, Calif. : ebrary, 2013. Available via World Wide Web. Access may be limited to ebrary affiliated libraries.
650 0 _aInformation technology
_xAuditing.
650 0 _aInformation technology
_xManagement.
655 0 _aElectronic books.
797 2 _aebrary.
856 4 0 _uhttp://site.ebrary.com/lib/rucke/Doc?id=10772238
_zAn electronic book accessible through the World Wide Web; click to view
999 _c127465
_d127465